000 00715nam a2200301Ia 4500
008 161027s9999||||xx |||||||||||||| ||und||
040 _cHindi
082 _aX.A
082 _bBORI-23191
100 _aBhikshu Jagdish Kashyap
245 _aSanyutt-Nikaya
245 _bTripitkacarya Bhikshu Dharrahit
260 _aBanaras
260 _bMahabodhi Sabha
300 _a448pp
300 _b1
300 _cC
300 _ehardbound
530 _u0000108025.pdf
563 _atext
600 _aBhikshu Jagdish Kashyap
630 _aSanyutt-Nikaya
650 _aBuddhism
650 _abuddhism & jainism
700 _aBhikshu Jagdish Kashyap
730 _aSanyutt-Nikaya
942 _cBOOK
999 _c1401032
_d1401029